| 000 | 00763nam a22001817a 4500 | ||
|---|---|---|---|
| 999 |
_c178542 _d178542 |
||
| 005 | 20210406121234.0 | ||
| 008 | 210405b ||||| |||| 00| 0 eng d | ||
| 010 | _aMAL-9294 | ||
| 020 |
_a978-93-88485-78-4 _c320.00 |
||
| 035 | _aMA-8751 | ||
| 082 |
_a894.8123 _bതോമസ് |
||
| 100 | _a തോമസ്, ഹാൻഡി | ||
| 245 |
_aകാസ്റ്റർ ബ്രിഡ്ജിന്റ മേയർ / _c ഹാൻഡി തോമസ് |
||
| 260 |
_aതിരുവനന്തപുരം _bചിന്താപബ്ലിഷേഴ്സ് _c1920 |
||
| 270 |
_bതിരുവനന്തപുരം _dഇന്ത്യ _e695035 |
||
| 300 |
_a287p. _c21cm(pbk) |
||
| 942 |
_2ddc _cMA _h894.8123 _mതോമസ് |
||